Drapeaux du Monde - 20 minutes - Statistiques

Statistiques générales
  • Ce quiz a été pris 60 fois
  • Le résultat moyen est 115 sur 196
Statistiques - réponses
Par images Réponse % Correct
Argentine
89%
Brésil
89%
Inde
89%
Albanie
86%
Algérie
86%
Allemagne
86%
Chine
86%
Espagne
86%
Royaume-Uni
86%
Afrique du Sud
84%
Belgique
84%
Canada
84%
Etats-Unis
84%
Norvège
84%
Pologne
84%
Qatar
84%
Australie
82%
Corée du Sud
82%
Égypte
82%
Finlande
82%
France
82%
Irlande
82%
Israël
82%
Japon
82%
Mexique
82%
Suède
82%
Suisse
82%
Turquie
82%
Grèce
80%
Italie
80%
Maroc
80%
Portugal
80%
Russie
80%
Chypre
77%
Croatie
77%
Géorgie
77%
Jamaïque
77%
Liban
77%
Arabie Saoudite
75%
Corée du Nord
75%
Pays-Bas
75%
Roumanie
75%
Tunisie
75%
Ukraine
75%
Bangladesh
73%
Équateur
73%
Iran
73%
Islande
73%
Népal
73%
Nouvelle-Zélande
73%
République tchèque
73%
Sénégal
73%
Bulgarie
70%
Colombie
70%
Côte d'Ivoire
70%
Danemark
70%
Estonie
70%
Kenya
70%
Kosovo
70%
Luxembourg
70%
Slovaquie
70%
Uruguay
70%
Vatican
70%
Venezuela
70%
Viêt Nam
70%
Autriche
68%
Irak
68%
Macédoine du Nord
68%
Pérou
68%
Bosnie-Herzégovine
66%
Chili
66%
Kazakhstan
66%
Malaisie
66%
Nigeria
66%
Pakistan
66%
République démocratique du Congo
66%
Thaïlande
66%
Azerbaïdjan
64%
Cuba
64%
Panama
64%
Saint-Marin
64%
Andorre
61%
Arménie
61%
Indonésie
61%
Malte
61%
Monaco
61%
Monténégro
61%
Serbie
61%
Slovénie
61%
Somalie
61%
Angola
59%
Cambodge
59%
Éthiopie
59%
Hongrie
59%
Moldavie
59%
Singapour
59%
Bhoutan
57%
Biélorussie
57%
Cameroun
57%
Émirats arabes unis
57%
Lettonie
57%
Lituanie
57%
Paraguay
57%
Seychelles
57%
Bahreïn
55%
Costa Rica
55%
Mali
55%
République dominicaine
55%
Sri Lanka
55%
Burkina Faso
52%
Cap-Vert
52%
Comores
52%
Gabon
52%
Philippines
52%
Bahamas
50%
Barbade
50%
Fidji
50%
Ghana
50%
Honduras
50%
Laos
50%
Liechtenstein
50%
Madagascar
50%
Mauritanie
50%
Niger
50%
Afghanistan
48%
Djibouti
48%
Haïti
48%
Liberia
48%
Mongolie
48%
Namibie
48%
Nicaragua
48%
Ouzbékistan
48%
République du Congo
48%
Syrie
48%
Tanzanie
48%
Jordanie
45%
Ouganda
45%
République Centrafricaine
45%
Saint-Vincent-et-les- Grenadines
45%
Tchad
45%
Tonga
45%
Zambie
45%
Bénin
43%
Guatemala
43%
Guinée
43%
Lesotho
43%
Libye
43%
Micronésie
43%
Mozambique
43%
Palaos
43%
Papouasie-Nouvelle- Guinée
43%
Salvador
43%
Taïwan
43%
Turkménistan
43%
Belize
41%
Burundi
41%
Kirghizistan
41%
Koweït
41%
Malawi
41%
Maldives
41%
Nauru
41%
Rwanda
41%
Sainte-Lucie
41%
Sierra Leone
41%
Suriname
41%
Togo
41%
Trinité-et-Tobago
41%
Zimbabwe
41%
Birmanie
39%
Botswana
39%
Brunei
39%
Eswatini
39%
Guinée-Bissau
39%
Guinée équatoriale
39%
Soudan du Sud
39%
Tuvalu
39%
Yémen
39%
Érythrée
36%
Grenade
36%
Guyana
36%
Îles Marshall
36%
Kiribati
36%
Oman
36%
Soudan
36%
Dominique
34%
Gambie
34%
Île Maurice
34%
Samoa
34%
Sao Tomé-et-Principe
34%
Tadjikistan
34%
Antigua-et-Barbuda
32%
Bolivie
32%
Timor oriental
32%
Vanuatu
32%
Salomon
30%
Saint-Christophe- et-Niévès
25%
Aucun quiz correspondant
Distribution des résultats
% des personnes avec chaque résultat
Percentile par nombre de réponses
Votre historique - résultats
Vous n’avez pas pris ce quiz